000 00627nam a2200181Ia 4500
003 OSt
005 20240417114629.0
008 210210b1958 xxu||||| |||| 00| 0 eng d
040 _cAL
041 _aKannada
082 _a856/213
100 _aDEVARAJA SARKAR (Ha Ba) ದೇವರಾಜ ಸರ್ಕಾರ್ ಹಾ ಬ
_9161072
245 _aParatantra jivigalu mattu paratantra jivana
_bಪರತಂತ್ರ ಜೀವಿಗಳು ಮತ್ತು ಪರತಂತ್ರ ಜೀವನ
260 _aMaisuru
_bMaisuru Vishvavidyalaya
_c1958
690 _aKannada Miscellaneous
_9161077
906 _a020451
942 _2ddc
_cBK
999 _c144599
_d144599